LIBRARY & INFORMATION CENTRE, KCAET, TAVANUR

ONLINE PUBLIC ACCESS CATALOGUE (OPAC)

Science of renewable energy / (Record no. 13981)

MARC details
000 -LEADER
fixed length control field 00488cam a22001698a 4500
003 - CONTROL NUMBER IDENTIFIER
control field OSt
008 - FIXED-LENGTH DATA ELEMENTS--GENERAL INFORMATION
fixed length control field 241029b |||||||| |||| 00| 0 eng d
020 ## - INTERNATIONAL STANDARD BOOK NUMBER
ISBN 9781439825020 (hardcover : alk. paper)
082 00 - DEWEY DECIMAL CLASSIFICATION NUMBER
Classification number 621.47
Item number SPE/SC
100 1# - MAIN ENTRY--AUTHOR NAME
Personal name Spellman, Frank R.
245 14 - TITLE STATEMENT
Title Science of renewable energy /
260 ## - PUBLICATION, DISTRIBUTION, ETC. (IMPRINT)
Place of publication Boca Raton, FL :
Name of publisher Taylor & Francis,
Year of publication 2011.
300 ## - PHYSICAL DESCRIPTION
Number of Pages p. cm.
650 #0 - SUBJECT ADDED ENTRY--TOPICAL TERM
Topical Term Renewable energy sources.
700 1# - ADDED ENTRY--PERSONAL NAME
Personal name Bieber, Revonna M.,
942 ## - ADDED ENTRY ELEMENTS (KOHA)
Koha item type Reference
Holdings
Withdrawn status Lost status Damaged status Collection code Home library Current library Shelving location Date acquired Source of acquisition Full call number Accession Number Koha item type
      General Books KAUAET KAUAET Shelf- 7A 30/03/2013 Neoti Book Agency 621.47 SPE/SC 23885 Books
free website counter